| 000 | 00400nam a2200181Ia 4500 | ||
|---|---|---|---|
| 005 | 20250423101457.0 | ||
| 008 | 250422s9999 xx 000 0 und d | ||
| 020 | _a0-38081540-0 | ||
| 050 | _aPR 9387 .G74/ | ||
| 100 | _aGreiman, Lois | ||
| 245 | 4 | _aThe traser bride | |
| 260 | _aNew York | ||
| 260 | _bAvon Books | ||
| 260 | _c2001 | ||
| 300 | _a372 p | ||
| 650 | _aLiterature | ||
| 942 | _cBK | ||
| 999 |
_c36402 _d36402 |
||